000 00442nam a2200169Ia 4500
005 20250508162456.0
008 008 250505s9999 xx 000 0 hin d
037 _aReference
040 _aFEDL
_beng
_cFEDL
041 _ahin
_2eng
084 _a491.4332, IND
_qFEDL
245 0 _aBrihat paribhashik shabd sangraha
260 _c1982
300 _axiii,680p.
942 _cREF
_h491.4332, IND
999 _c1376789
_d1376789